00772 2200193 4500001002100000005001500021035002000036245005400056100001900110250001700129300002800146260003100174082000800205084001400213020002200227650002100249520027500270500003300545INLIS00000000000004620240320092720 a0010-03240000461 aByur! Cacing Warna-warni Datang /cErlita Pratiwi0 aErlita Pratiwi acetakan ke-1 a36 hlm :bilus ;c19 cm aSolo :bTiga Ananda,c2018 a813 a813 ERL b a978-602-366-485-6 4aCerita Bergambar aKak Ayu mengajak Nara untuk menangkap nyale, cacing laut warna-warni yang muncul setahun sekali. Kata Kak Ayu, nyale bermanfaat untuk kesehatan. Nara tak percaya. Ayo, ikuti serunya Nara dan Kak Ayu saat menangkap nyale dan mencari tahu cerita di balik kemunculan nyale. aSeri Cerita Rakyat Asal-usul